Second plan Madras state : review of progess for 1956-57 and 1957-58 and programme for 1958-59 (Record no. 497216)

000 -LEADER
fixed length control field 00343cam a22000977a 4500
008 - FIXED-LENGTH DATA ELEMENTS--GENERAL INFORMATION
fixed length control field 180718b1959 xxu||||| |||| 00| 0 eng d
082 ## - DEWEY DECIMAL CLASSIFICATION NUMBER
Classification number T000x5452 56
245 ## - TITLE STATEMENT
Title Second plan Madras state : review of progess for 1956-57 and 1957-58 and programme for 1958-59
260 ## - PUBLICATION, DISTRIBUTION, ETC.
Place of publication, distribution, etc. Madras
Name of publisher, distributor, etc. The Director of Infromation And Publicity
Date of publication, distribution, etc. 1959
300 ## - PHYSICAL DESCRIPTION
Extent 263p.
Holdings
Withdrawn status Lost status Damaged status Not for loan Permanent Location Current Location Date acquired Full call number Barcode Date last seen Price effective from Koha item type
        Indian Institute of Public Administration Indian Institute of Public Administration 2018-08-04 T000x5452 56 GR2846 2018-08-04 2018-08-04 GR

Powered by Koha